00277nam a2200109Ia 4500008004100000082002000041100002400061245002000085260003000105630001800135650001400153211109s9999||||xx |||||||||||||| ||und|| a894.8143bANA-B aAnantha Murthy, U R 0aBhaaratheepuram bD c BooksaKottayamc1999 xGeneral stack vMalayalam